000 00628nam a2200205 a 4500
001 000030248
005 20200930060152.0
008 110505s1995 dr a 000 0 spa d
040 _aDO-SdBNP
_bspa
_cBNPHU
082 _axxx
_bC968a, 1995
100 1 _aSarita, Victoriano
_956933
245 1 0 _aCultivo de ajo /
_cVictoriano Sarita.
250 _a2a ed.
260 _aSanto Domingo :
_bFundación de Desarrollo Agropecuario,
_c1995.
300 _a19 p. :
_bil. ;
_c28 cm.
490 1 _aBoletín técnico
_vno. 5
504 _aBibliografía : p. 18-19
830 0 _aBoletín técnico ;
_pcultivos
_vno. 5
_956934
049 _aBNPD
999 _c29740
_d29740